10 Stolic (+5) #5 - Statystyki

Ogólne statystyki
  • Ten quiz został rozwiązany 29 razy
    18 od ostatniego zresetowania
  • Średni wynik to 12 z 15
Statystyki odpowiedzi
Państwo Stolica % Poprawnych
Hiszpania Madryt
100%
Norwegia Oslo
100%
Słowacja Bratysława
94%
Rumunia Bukareszt
94%
Szwecja Sztokholm
94%
Austria Wiedeń
94%
Algieria Algier
88%
Syria Damaszek
81%
Afganistan Kabul
81%
Gruzja Tbilisi
81%
Kenia Nairobi
75%
Ghana Akra
63%
Demokratyczna Republika Konga Kinszasa
63%
Papua Nowa Gwinea Port Moresby
56%
Honduras Tegucigalpa
56%
Nie znaleziono quizów pasujących do podanych kryteriów
Rozkład punktacji
Procent ludzi z każdym wynikiem
Percentyl według liczby udzielonych odpowiedzi
Twoja historia wyników
Nie rozwiązałeś tego quizu od ostatniego zresetowania